00442nam a2200157Ia 45000010006000000050017000060080041000230410008000640820015000721000029000872450115001162600009002313000028002406500008002686540008002761796820260306171556.0260306s9999||||xx |||||||||||||| ||und|| aESP a658.3bQ62 aQuintanilla, JaviereAUT 0aRetos de la dirección de personas:buna mirada desde la alta dirección sobre la función recursos humanos c2012 a153 páginas :c24 cm. aGEN aCAN